000 00310nam a22001337a 4500
082 _a823
_bMAN/H
100 _aMANOJ PUBLICATION
245 _a151 MORAL STORIES
246 _a151 MORAL STORIES
_b151 MORAL STORIES
260 _aNEW DELHI
_bMANOJ
_c2025
300 _a80
650 _aENGLISH STORIES
942 _cBK
999 _c9170
_d9170